| 000 | 00609nam a2200229Ia 4500 | ||
|---|---|---|---|
| 003 | OSt | ||
| 005 | 20221007082037.0 | ||
| 006 | a|||||r|||| 00| 0 | ||
| 007 | ta | ||
| 008 | 221006b |||||||| |||| 00| 0 eng d | ||
| 024 | _a25,948 | ||
| 037 | _cTextual | ||
| 040 |
_aFLL _cFLL _beng |
||
| 041 |
_2eng _aeng |
||
| 082 | _aZ73:8821wM56, K4 | ||
| 100 |
_aTodd A.L. _9698571 |
||
| 245 | 0 | _aJustice on trial | |
| 260 |
_aU.S.A. _bMc-Graw- Hill Book Company U.S.A. _c1968 |
||
| 300 |
_aix,1-275p _ccm. |
||
| 942 |
_hZ73:8821wM56, K4 _cTEXL _2CC |
||
| 999 |
_c1165138 _d1165138 |
||